| 000 | 00818cam a22002413a 4500 | ||
|---|---|---|---|
| 001 | 31113 | ||
| 003 | PGUSA | ||
| 005 | 20140828083655.0 | ||
| 008 | 100128s2010||||xxu|||||s|||||000 | eng d | ||
| 040 |
_aPGUSA _beng |
||
| 042 | _adc | ||
| 050 | 4 | _aE300 | |
| 100 | 1 |
_aSmith, Gustavus Woodson, _d1822-1896 |
|
| 245 | 1 | 0 |
_aCompany 'A', corps of engineers, U.S.A., 1846-'48, in the Mexican war _h[electronic resource] / _cGustavus Woodson Smith |
| 260 |
_bProject Gutenberg, _c2010 |
||
| 506 | _aPublic domain in the USA. | ||
| 516 | _aElectronic text | ||
| 653 | _aUnited States. Army. Corps of Engineers. Company A | ||
| 653 | _aMexican War, 1846-1848 -- Regimental histories -- United States -- Engineers | ||
| 830 | 0 |
_aProject Gutenberg _v31113 |
|
| 856 | 4 | 0 | _uhttp://www.gutenberg.org/ebooks/31113 |
| 942 | _cEB | ||
| 999 |
_c260368 _d260368 |
||